Statistics for Are you Really a Arsenal Fan

Click here to take the quiz!

General Stats

  • This quiz has been taken 355 times
  • The average score is 8 of 15

Answer Stats

QuestionsAnswer% Correct
What is The Stadium Name?Emirates
97%
Who is their record scorer?Henry
89%
Is Spike lee a arsenal fan?Yes
88%
How many League titles do they have?13
85%
Who is their worst rival?Tottenham
85%
What was their old stadium?Highbury
80%
Who is The Manager?Arsene wenger
72%
What year were the Formed?1886
63%
Who did Henry play before coming to arsenal?Juventus
52%
Who has the most appearances?Oleary
28%
Who has played for all north London teams?Gallas
22%
How much was the fee for Thierry Henry11 million
15%
how long has Wenger managed Arsenal?1996
5%
How much is Arsenal Worth?2 billion dollars
1%
Who is the best arsenal trio?Bergkamp,pires,henry
1%

Score Distribution

Percentile by Number Answered

Percent of People with Each Score

Your Score History

You have not taken this quiz